Normal view
MARC view
- BURTON, RICHARD F
Entry Personal Name
001 - CONTROL NUMBER
- control field: 79011
003 - CONTROL NUMBER IDENTIFIER
- control field: NUST
005 - DATE AND TIME OF LATEST TRANSACTION
- control field: 20210628210328.0
008 - FIXED-LENGTH DATA ELEMENTS
- fixed length control field: 210628|| aca||aabn | a|a d
040 ## - CATALOGING SOURCE
- Original cataloging agency: NUST
- Transcribing agency: NUST
100 ## - HEADING--PERSONAL NAME
- Personal name: BURTON, RICHARD F
670 ## - SOURCE DATA FOUND
- Source citation: Work cat.: (NUST): BURTON, RICHARD F, SINDH AND THE RACES THAT INHABIT THE VALLEY OF THE INDUS, 1973
